India we served (Record no. 371683)

000 -LEADER
fixed length control field 00469cam a22001457a 4500
008 - FIXED-LENGTH DATA ELEMENTS--GENERAL INFORMATION
fixed length control field 180718b1929 xxu||||| |||| 00| 0 eng d
082 ## - DEWEY DECIMAL CLASSIFICATION NUMBER
Classification number A99 L439
100 ## - MAIN ENTRY--PERSONAL NAME
Personal name Lawrence, Walter Roper
245 ## - TITLE STATEMENT
Title India we served
Statement of responsibility, etc. by Walter Roper Lawrence
260 ## - PUBLICATION, DISTRIBUTION, ETC.
Place of publication, distribution, etc. London
Name of publisher, distributor, etc. Cassell
Date of publication, distribution, etc. 1929
300 ## - PHYSICAL DESCRIPTION
Extent 317p.
500 ## - GENERAL NOTE
General note 7/6; Lawrence: Private secretary to Lord Curzon, 1898-1903. First pub.1928
650 ## - SUBJECT ADDED ENTRY--TOPICAL TERM
Topical term or geographic name entry element Inddia - History - 1857-1908
650 ## - SUBJECT ADDED ENTRY--TOPICAL TERM
Topical term or geographic name entry element Lawrence Sir Walter Roper
Holdings
Withdrawn status Lost status Damaged status Not for loan Permanent Location Current Location Date acquired Full call number Barcode Date last seen Price effective from Koha item type
        Indian Institute of Public Administration Indian Institute of Public Administration 1994-06-11 A99 L439 11353 2018-07-21 2018-07-21 Book

Powered by Koha